Statistics for Countries with Ringed Seals

Click here to take the quiz!

General Stats

  • This quiz has been taken 18 times
  • The average score is 10 of 11

Answer Stats

Answer% Correct
Canada
100%
Denmark (Greenland)
100%
Finland
100%
Iceland
100%
Norway
100%
Russia
100%
Sweden
100%
United States
100%
Japan
82%
Estonia
76%
Latvia
76%

Score Distribution

Percentile by Number Answered

Percent of People with Each Score

Your Score History

You have not taken this quiz